[Event "Hessenliga 1617"]
[Site "Hessen"]
[Date "2016.10.09"]
[Round "2.4"]
[White "Dahlheimer, Bernd"]
[Black "Roosen, Holger"]
[Result "1-0"]
[WhiteElo "2224"]
[BlackElo "2219"]
[PlyCount "28"]
[EventDate "2016.09.18"]
[EventType "team-tourn"]
[EventRounds "9"]
[EventCountry "GER"]
[SourceTitle "EXT 2018"]
[Source "ChessBase"]
[SourceDate "2017.10.13"]
[SourceVersion "1"]
[SourceVersionDate "2017.10.13"]
[SourceQuality "1"]
[WhiteTeam "Dettingen"]
[BlackTeam "Offenbach"]
[WhiteTeamCountry "GER"]
[BlackTeamCountry "GER"]

1. Nf3 g6 2. d4 Bg7 3. c4 Nf6 4. Nc3 0-0 5. e4 c5 6. Be2 cxd4 7. Nxd4 Nc6 8. Be3 d6 9. 0-0 Ng4 10. Bxg4 Bxg4 11. Nxc6 Bxd1 12. Nxd8 Bg4 13. Nxb7 Rfb8 14. Na5 Rxb2 1-0

[Event "Hessenliga 1516"]
[Site "Germany"]
[Date "2016.02.01"]
[Round "6.3"]
[White "Roosen, Holger"]
[Black "Rutkowski, Ingo"]
[Result "0-1"]
[WhiteElo "2219"]
[BlackElo "2168"]
[PlyCount "118"]
[EventDate "2015.09.27"]
[EventType "team-tourn"]
[EventRounds "9"]
[EventCountry "GER"]
[SourceTitle "EXT 2018"]
[Source "ChessBase"]
[SourceDate "2017.10.13"]
[SourceVersion "1"]
[SourceVersionDate "2017.10.13"]
[SourceQuality "1"]
[WhiteTeam "Offenbach"]
[BlackTeam "Frankfurt TV"]
[WhiteTeamCountry "GER"]
[BlackTeamCountry "GER"]

1. c4 e6 2. Nf3 d5 3. b3 Nf6 4. Na3 c5 5. d3 Nc6 6. g3 Be7 7. Bg2 0-0 8. 0-0 Re8 9. Nc2 b6 10. Bb2 Bb7 11. Ne5 Qc7 12. Nxc6 Bxc6 13. Bc3 Rad8 14. Rc1 e5 15. cxd5 Bxd5 16. Bxd5 Nxd5 17. Bd2 e4 18. d4 Qb7 19. e3 cxd4 20. Nxd4 Bf6 21. Qe2 Qd7 22. Rfd1 Bxd4 23. exd4 Qh3 24. Rc6 Nf6 25. Rxf6 gxf6 26. Bf4 Rd5 27. f3 Qd7 28. fxe4 Rxd4 29. Re1 Rdxe4 30. Qxe4 Rxe4 31. Rxe4 Qd1+ 32. Kf2 Qh1 33. Re2 Qxh2+ 34. Kf3 Qh5+ 35. Kf2 Kg7 36. Rd2 Kg6 37. Kg2 Qg4 38. Kf2 h5 39. Rd4 Qe6 40. Be3 Qh3 41. Bd2 Qh1 42. a4 Qb1 43. Rb4 Qf5+ 44. Ke2 Qe5+ 45. Kf2 Qc5+ 46. Kf1 Qd6 47. Be1 f5 48. Ke2 Qe7+ 49. Kf1 Qe3 50. Bf2 Qd2 51. Be1 Qd3+ 52. Kf2 f4 53. Rxf4 Qxb3 54. Ke2 a5 55. Rd4 b5 56. axb5 Qxb5+ 57. Ke3 a4 58. Bc3 a3 59. Rd1 Qg5+ 0-1

[Event "Oberliga Ost-B 1213"]
[Site "Germany"]
[Date "2013.04.14"]
[Round "11.2"]
[White "Dubiel, Jacek"]
[Black "Roosen, Holger"]
[Result "1-0"]
[WhiteElo "2413"]
[BlackElo "2222"]
[PlyCount "37"]
[EventDate "2012.09.30"]
[EventType "team-tourn"]
[EventRounds "11"]
[EventCountry "GER"]
[SourceTitle "EXT 2014"]
[Source "ChessBase"]
[SourceDate "2013.11.20"]
[SourceVersion "1"]
[SourceVersionDate "2013.11.20"]
[SourceQuality "1"]
[WhiteTeam "Oberursel"]
[BlackTeam "Offenbach"]
[WhiteTeamCountry "GER"]
[BlackTeamCountry "GER"]

1. e4 d5 2. exd5 Qxd5 3. Nc3 Qd6 4. d4 c6 5. Nf3 Bg4 6. Be3 Nf6 7. h3 Bxf3 8. Qxf3 Nd5 9. Nxd5 Qxd5 10. Qg3 e6 11. Bd3 Qd6 12. Bf4 Qd8 13. Bc7 Qc8 14. 0-0 Nd7 15. c4 Nb6 16. d5 Qd7 17. dxe6 fxe6 18. Bxh7 Rxh7 19. Bxb6 1-0

[Event "Oberliga Ost-B 1213"]
[Site "Germany"]
[Date "2012.12.09"]
[Round "4.4"]
[White "Roosen, Holger"]
[Black "Duncker, Joachim"]
[Result "1/2-1/2"]
[WhiteElo "2222"]
[BlackElo "2263"]
[PlyCount "123"]
[EventDate "2012.09.30"]
[EventType "team-tourn"]
[EventRounds "11"]
[EventCountry "GER"]
[SourceTitle "EXT 2014"]
[Source "ChessBase"]
[SourceDate "2013.11.20"]
[SourceVersion "1"]
[SourceVersionDate "2013.11.20"]
[SourceQuality "1"]
[WhiteTeam "Offenbach"]
[BlackTeam "Marburg"]
[WhiteTeamCountry "GER"]
[BlackTeamCountry "GER"]

1. c4 e5 2. Nc3 Nc6 3. g3 g6 4. Bg2 Bg7 5. d3 d6 6. Rb1 a5 7. a3 Be6 8. Nf3 h6 9. 0-0 Nf6 10. b4 axb4 11. axb4 0-0 12. b5 Ne7 13. Nd2 Rb8 14. Ba3 Qd7 15. c5 Ned5 16. Nxd5 Nxd5 17. Bxd5 Bxd5 18. cxd6 cxd6 19. Nc4 Bxc4 20. dxc4 Rfd8 21. Qd5 Qe6 22. Rfd1 Qxd5 23. Rxd5 Rbc8 24. Rbd1 Rxc4 25. Bxd6 Rd4 26. R5xd4 exd4 27. Bc7 Rc8 28. b6 Kf8 29. Ra1 d3 30. Ra2 dxe2 31. Rxe2 Bf6 32. Bd6+ Kg7 33. Kg2 Rc6 34. Bc7 Bd4 35. Rd2 Bxb6 36. Be5+ f6 37. Rd7+ Kf8 38. Bb8 Rc2 39. Rxb7 Bxf2 40. Kh1 Bd4 41. Bd6+ Kg8 42. Rd7 g5 43. h3 h5 44. Bb8 Bf2 45. Rb7 Rc6 46. Kg2 Rb6 47. Rxb6 Bxb6 48. g4 h4 49. Kf3 Kf7 50. Ke4 Ke6 51. Bh2 Bc5 52. Bc7 Bb4 53. Bb6 Bd6 54. Bd4 Bf4 55. Kf3 Be5 56. Ba7 Kd5 57. Bb6 Bd6 58. Bd8 Ke5 59. Kg2 Bc5 60. Ba5 Ke4 61. Bd8 Bd4 62. Bc7 1/2-1/2

[Event "Oberliga Ost-B 1112"]
[Site "Germany"]
[Date "2012.04.15"]
[Round "11.3"]
[White "Hellwig, Tobias"]
[Black "Roosen, Holger"]
[Result "1-0"]
[WhiteElo "2168"]
[BlackElo "2220"]
[PlyCount "51"]
[EventDate "2011.10.02"]
[EventType "team-tourn"]
[EventRounds "11"]
[EventCountry "GER"]
[SourceTitle "EXT 2013"]
[Source "ChessBase"]
[SourceDate "2012.11.22"]
[SourceVersion "1"]
[SourceVersionDate "2012.11.22"]
[SourceQuality "1"]
[WhiteTeam "Jena Schott"]
[BlackTeam "Offenbach"]
[WhiteTeamCountry "GER"]
[BlackTeamCountry "GER"]

1. d4 g6 2. e4 Bg7 3. Nc3 d6 4. Be3 Nf6 5. f3 0-0 6. Qd2 Nc6 7. 0-0-0 e5 8. d5 Nd4 9. Nge2 c5 10. dxc6 bxc6 11. Nxd4 exd4 12. Bxd4 Be6 13. g4 c5 14. Be3 Qa5 15. Bh6 Bxh6 16. Qxh6 Bxa2 17. Rxd6 Rfd8 18. Ra6 Qb4 19. Rxa2 Rab8 20. Be2 Rd4 21. h4 Qb7 22. h5 Rb4 23. hxg6 Rxb2 24. gxh7+ Nxh7 25. Qxh7+ Kf8 26. Qh8+ 1-0

[Event "Oberliga Ost-B 1112"]
[Site "Germany"]
[Date "2012.04.14"]
[Round "10.3"]
[White "Roosen, Holger"]
[Black "Frommelt, Hans Juergen"]
[Result "1-0"]
[WhiteElo "2220"]
[BlackElo "2226"]
[PlyCount "85"]
[EventDate "2011.10.02"]
[EventType "team-tourn"]
[EventRounds "11"]
[EventCountry "GER"]
[SourceTitle "EXT 2013"]
[Source "ChessBase"]
[SourceDate "2012.11.22"]
[SourceVersion "1"]
[SourceVersionDate "2012.11.22"]
[SourceQuality "1"]
[WhiteTeam "Offenbach"]
[BlackTeam "Elstertal"]
[WhiteTeamCountry "GER"]
[BlackTeamCountry "GER"]

1. c4 c5 2. Nc3 e6 3. e4 Nc6 4. Nf3 e5 5. Be2 d6 6. 0-0 Nf6 7. a3 Be7 8. b4 b6 9. Nd5 0-0 10. d3 h6 11. Be3 Nd4 12. Bxd4 cxd4 13. Nxf6+ Bxf6 14. b5 Be6 15. Ne1 Be7 16. Nc2 f5 17. exf5 Bxf5 18. Bf3 Rc8 19. Nb4 Bg5 20. Qe2 Kh8 21. Bg4 Qd7 22. Bxf5 Qxf5 23. a4 Rf7 24. Nd5 Rcf8 25. a5 bxa5 26. Rxa5 Qg6 27. Ra6 Bh4 28. f3 Bd8 29. c5 Rd7 30. Rfa1 Qf7 31. c6 Qxd5 32. cxd7 Qxb5 33. Rxa7 Rf7 34. Qe4 Rxd7 35. Qa8 Kh7 36. Rxd7 Qxd7 37. Ra7 Qb5 38. Qe4+ Kg8 39. Ra8 Qb1+ 40. Kf2 Qb6 41. Qh4 g5 42. Qxh6 Kf7 43. Ra7+ 1-0

[Event "Oberliga Ost-B 1112"]
[Site "Germany"]
[Date "2012.01.15"]
[Round "7.4"]
[White "Roosen, Holger"]
[Black "Schaefer, Michael"]
[Result "1/2-1/2"]
[WhiteElo "2220"]
[BlackElo "2244"]
[PlyCount "66"]
[EventDate "2011.10.02"]
[EventType "team-tourn"]
[EventRounds "11"]
[EventCountry "GER"]
[SourceTitle "EXT 2013"]
[Source "ChessBase"]
[SourceDate "2012.11.22"]
[SourceVersion "1"]
[SourceVersionDate "2012.11.22"]
[SourceQuality "1"]
[WhiteTeam "Offenbach"]
[BlackTeam "Moerlenbach"]
[WhiteTeamCountry "GER"]
[BlackTeamCountry "GER"]

1. c4 Nf6 2. Nc3 g6 3. g3 d5 4. cxd5 Nxd5 5. Bg2 Nb6 6. Nf3 Bg7 7. 0-0 Nc6 8. d3 0-0 9. Be3 e5 10. Qd2 Nd4 11. Bh6 Re8 12. Bxg7 Kxg7 13. Ne4 c6 14. e3 Nxf3+ 15. Bxf3 Qe7 16. b4 Nd5 17. Rab1 a5 18. b5 Bd7 19. bxc6 Bxc6 20. Rfc1 Red8 21. Nc5 h5 22. d4 Qf6 23. Bg2 exd4 24. exd4 Nb4 25. a3 Rxd4 26. Qb2 Bxg2 27. Kxg2 Nd3 28. Nxd3 Rxd3 29. Qxb7 Rd2 30. Qb6 Ra6 31. Qe3 Rad6 32. Rb3 Ra2 33. Rc4 Rd5 1/2-1/2

[Event "Oberliga Ost-B 1112"]
[Site "Germany"]
[Date "2011.10.22"]
[Round "2.3"]
[White "Rafiee, Makan"]
[Black "Roosen, Holger"]
[Result "1/2-1/2"]
[WhiteElo "2135"]
[BlackElo "2220"]
[PlyCount "31"]
[EventDate "2011.10.02"]
[EventType "team-tourn"]
[EventRounds "11"]
[EventCountry "GER"]
[SourceTitle "EXT 2013"]
[Source "ChessBase"]
[SourceDate "2012.11.22"]
[SourceVersion "1"]
[SourceVersionDate "2012.11.22"]
[SourceQuality "1"]
[WhiteTeam "Kassel"]
[BlackTeam "Offenbach"]
[WhiteTeamCountry "GER"]
[BlackTeamCountry "GER"]

1. e4 g6 2. d4 Bg7 3. c3 c5 4. Nf3 cxd4 5. cxd4 Nf6 6. Nc3 0-0 7. Be2 d6 8. 0-0 Bg4 9. Qb3 Nc6 10. Rd1 Rb8 11. Be3 Qa5 12. Rac1 e6 13. h3 Bxf3 14. Bxf3 Rfe8 15. Nb5 Red8 16. Bf4 1/2-1/2

[Event "Oberliga Ost-B 1011"]
[Site "Germany"]
[Date "2011.02.27"]
[Round "8.2"]
[White "Wehner, Janis"]
[Black "Roosen, Holger"]
[Result "1/2-1/2"]
[WhiteElo "2198"]
[BlackElo "2206"]
[PlyCount "134"]
[EventDate "2010.10.24"]
[EventType "team-tourn"]
[EventRounds "11"]
[EventCountry "GER"]
[SourceTitle "EXT 2012"]
[Source "ChessBase"]
[SourceDate "2011.11.24"]
[SourceVersion "1"]
[SourceVersionDate "2011.11.24"]
[SourceQuality "1"]
[WhiteTeam "Erfurt Medizin"]
[BlackTeam "Offenbach"]
[WhiteTeamCountry "GER"]
[BlackTeamCountry "GER"]

1. e4 g6 2. d4 Bg7 3. g3 c5 4. Ne2 cxd4 5. Nxd4 Qb6 6. Nb3 Nc6 7. Bg2 h5 8. h3 Nf6 9. Nc3 d6 10. Be3 Qd8 11. 0-0 Bd7 12. Nd5 Qc8 13. Kh2 h4 14. g4 Ne5 15. Nxf6+ Bxf6 16. g5 Bg7 17. Bd4 f6 18. f4 Nf7 19. gxf6 exf6 20. Qd3 0-0 21. Nd2 Qd8 22. Bf3 Qe7 23. Rae1 g5 24. Bh5 gxf4 25. Bxf7+ Rxf7 26. Rxf4 f5 27. Rg1 Kf8 28. Rxg7 Rxg7 29. Bxg7+ Kxg7 30. exf5 Qe5 31. f6+ Kf8 32. Qd4 Kf7 33. Nc4 Qxd4 34. Rxd4 Kxf6 35. Rxh4 Rc8 36. c3 Kg5 37. Rd4 Rh8 38. h4+ Rxh4+ 39. Rxh4 Kxh4 40. Nxd6 Bc6 41. Kg1 Kg4 42. Kf2 Kf4 43. Ke2 Ke5 44. Nc4+ Ke6 45. Ke3 Bg2 46. Kd4 Kd7 47. a4 Kc6 48. b4 a6 49. Ne5+ Kd6 50. c4 Bh1 51. Nd3 Bg2 52. c5+ Kc6 53. Ne5+ Kc7 54. Nc4 Bc6 55. a5 Bg2 56. Ne5 Bh1 57. Ke3 Bd5 58. Kf4 Bg2 59. Kf5 Bf1 60. Ke6 Bb5 61. Ke7 Bf1 62. Nf7 Bg2 63. Nd6 Bd5 64. Ne8+ Kc6 65. Kd8 Kb5 66. Kc7 Kxb4 67. Kb6 Bh1 1/2-1/2

[Event "Oberliga Ost-B 0910"]
[Site "Germany"]
[Date "2010.03.21"]
[Round "9.5"]
[White "Schoebel, Wolfgang"]
[Black "Roosen, Holger"]
[Result "1-0"]
[WhiteElo "2266"]
[BlackElo "2199"]
[PlyCount "115"]
[EventDate "2009.10.18"]
[EventType "team-tourn"]
[EventRounds "11"]
[EventCountry "GER"]
[SourceTitle "EXT 2011"]
[Source "ChessBase"]
[SourceDate "2010.11.26"]
[SourceVersion "1"]
[SourceVersionDate "2010.11.26"]
[SourceQuality "1"]
[WhiteTeam "Schoeneck"]
[BlackTeam "Offenbach"]
[WhiteTeamCountry "GER"]
[BlackTeamCountry "GER"]

1. Nf3 g6 2. g3 Bg7 3. Bg2 Nf6 4. 0-0 0-0 5. c4 c5 6. Nc3 Nc6 7. d4 cxd4 8. Nxd4 Nxd4 9. Qxd4 d6 10. Qd3 Bf5 11. e4 Be6 12. b3 Qc8 13. Bb2 Bh3 14. Rfe1 Bxg2 15. Kxg2 Qc6 16. Nd5 Nxd5 17. exd5 Qd7 18. Bxg7 Kxg7 19. Re4 Rfe8 20. Rae1 e5 21. dxe6 Rxe6 22. Rxe6 fxe6 23. Rd1 Rd8 24. Qd4+ Kg8 25. Qxa7 Qc6+ 26. Kg1 d5 27. Qd4 Ra8 28. cxd5 exd5 29. Qxd5+ Qxd5 30. Rxd5 Rxa2 31. Rd8+ Kg7 32. Rd7+ Kh6 33. Rxb7 Rb2 34. h4 Kh5 35. Kg2 h6 36. Kh3 g5 37. g4+ Kg6 38. Rb6+ Kf7 39. hxg5 hxg5 40. Kg3 Ke7 41. Kf3 Kd7 42. Rb5 Ke6 43. Rxg5 Rxb3+ 44. Kf4 Kf6 45. Rf5+ Kg6 46. Re5 Rb6 47. Kg3 Kf6 48. Ra5 Rb1 49. Ra6+ Kg7 50. f4 Rh1 51. f5 Kf7 52. Kf4 Rc1 53. Ra7+ Kg8 54. Kg5 Rc6 55. f6 Rc4 56. Kf5 Rc8 57. Kg6 Rb8 58. g5 1-0

[Event "Oberliga Ost-B 0910"]
[Site "Germany"]
[Date "2009.11.14"]
[Round "2.4"]
[White "Baum, Bernd"]
[Black "Roosen, Holger"]
[Result "1-0"]
[WhiteElo "2219"]
[BlackElo "2199"]
[PlyCount "133"]
[EventDate "2009.10.18"]
[EventType "team-tourn"]
[EventRounds "11"]
[EventCountry "GER"]
[SourceTitle "EXT 2011"]
[Source "ChessBase"]
[SourceDate "2010.11.26"]
[SourceVersion "1"]
[SourceVersionDate "2010.11.26"]
[SourceQuality "1"]
[WhiteTeam "Erfurt Empor"]
[BlackTeam "Offenbach"]
[WhiteTeamCountry "GER"]
[BlackTeamCountry "GER"]

1. Nf3 g6 2. e4 Bg7 3. d4 c5 4. dxc5 Qa5+ 5. c3 Qxc5 6. Na3 Nf6 7. Be3 Qa5 8. e5 Ng4 9. Bf4 Nc6 10. Nc4 Qc5 11. Qe2 b5 12. h3 Nxf2 13. Qxf2 Qxf2+ 14. Kxf2 bxc4 15. Bxc4 0-0 16. Rad1 e6 17. Rhe1 a5 18. Kg1 a4 19. Re2 Ra5 20. b4 axb3 21. axb3 f6 22. exf6 Rxf6 23. Bc7 Ra7 24. Bd6 Bf8 25. Bb5 Bxd6 26. Rxd6 Ne7 27. c4 Nf5 28. Rd1 d6 29. Ng5 e5 30. Ne4 Re6 31. c5 Nd4 32. Rxd4 exd4 33. Bc4 Kg7 34. Bxe6 Bxe6 35. cxd6 Bxb3 36. Rd2 Be6 37. Rxd4 Kf7 38. Kf2 Bf5 39. Nc5 Ke8 40. g4 Bc8 41. Kf3 Ra3+ 42. Kf4 Rxh3 43. d7+ Bxd7 44. Nxd7 h5 45. Nf6+ Kf7 46. g5 Ke6 47. Re4+ Kf7 48. Re3 Rh4+ 49. Ke5 Ra4 50. Rd3 Ra1 51. Rd7+ Kf8 52. Nd5 Rf1 53. Nf4 Re1+ 54. Kf6 Ke8 55. Rd4 h4 56. Kxg6 Re3 57. Ng2 Re6+ 58. Kf5 Ra6 59. Nxh4 Kf7 60. Rd7+ Kg8 61. Nf3 Rb6 62. Ne5 Rb5 63. Rc7 Rd5 64. Ke6 Rd1 65. Ng4 Kh8 66. Kf7 Rd8 67. Kg6 1-0

[Event "Oberliga Ost-B 0607"]
[Site "Germany"]
[Date "2007.02.24"]
[Round "6.7"]
[White "Becker, Wladimir"]
[Black "Roosen, Holger"]
[Result "1/2-1/2"]
[WhiteElo "2181"]
[BlackElo "2202"]
[PlyCount "46"]
[EventDate "2006.10.15"]
[EventType "team-tourn"]
[EventRounds "11"]
[EventCountry "GER"]
[SourceTitle "EXT 2008"]
[Source "ChessBase"]
[SourceDate "2007.11.25"]
[SourceVersion "1"]
[SourceVersionDate "2007.11.25"]
[SourceQuality "1"]
[WhiteTeam "Dotzheim"]
[BlackTeam "Offenbach"]
[WhiteTeamCountry "GER"]
[BlackTeamCountry "GER"]

1. c4 e5 2. g3 Nc6 3. Bg2 Nf6 4. Nc3 Bb4 5. Nf3 0-0 6. 0-0 Re8 7. d3 Bxc3 8. bxc3 e4 9. Nd4 d5 10. Nxc6 bxc6 11. Bg5 h6 12. Bxf6 Qxf6 13. Qa4 exd3 14. exd3 Bf5 15. cxd5 Bxd3 16. Rfd1 Re2 17. Qd4 Qxd4 18. cxd4 Bc2 19. Re1 Rxe1+ 20. Rxe1 cxd5 21. Rc1 Bf5 22. Bxd5 Rd8 23. Bb3 Rxd4 1/2-1/2

[Event "Oberliga Ost-B 0607"]
[Site "Germany"]
[Date "2007.01.07"]
[Round "9.6"]
[White "Tennstedt, Andreas"]
[Black "Roosen, Holger"]
[Result "1/2-1/2"]
[WhiteElo "2222"]
[BlackElo "2202"]
[PlyCount "32"]
[EventDate "2006.10.15"]
[EventType "team-tourn"]
[EventRounds "11"]
[EventCountry "GER"]
[SourceTitle "EXT 2008"]
[Source "ChessBase"]
[SourceDate "2007.11.25"]
[SourceVersion "1"]
[SourceVersionDate "2007.11.25"]
[SourceQuality "1"]
[WhiteTeam "Griesheim"]
[BlackTeam "Offenbach"]
[WhiteTeamCountry "GER"]
[BlackTeamCountry "GER"]

1. d4 d5 2. c4 e6 3. Nc3 Be7 4. Nf3 c6 5. e4 dxe4 6. Nxe4 Nf6 7. Bd3 Nxe4 8. Bxe4 Nd7 9. 0-0 0-0 10. Qe2 Re8 11. Rd1 Nf8 12. Ne5 f6 13. Nf3 Qc7 14. g3 c5 15. Bf4 Qb6 16. Be3 Qc7 1/2-1/2

[Event "Oberliga Ost-B 0607"]
[Site "Germany"]
[Date "2006.10.15"]
[Round "1.7"]
[White "Guenther, Peter"]
[Black "Roosen, Holger"]
[Result "0-1"]
[WhiteElo "2242"]
[BlackElo "2202"]
[PlyCount "54"]
[EventDate "2006.10.15"]
[EventType "team-tourn"]
[EventRounds "11"]
[EventCountry "GER"]
[SourceTitle "EXT 2008"]
[Source "ChessBase"]
[SourceDate "2007.11.25"]
[SourceVersion "1"]
[SourceVersionDate "2007.11.25"]
[SourceQuality "1"]
[WhiteTeam "Frankfurt BvK"]
[BlackTeam "Offenbach"]
[WhiteTeamCountry "GER"]
[BlackTeamCountry "GER"]

1. e4 d5 2. exd5 Qxd5 3. Nc3 Qd6 4. Nf3 c6 5. d4 Bg4 6. Be2 Nf6 7. h3 Bxf3 8. Bxf3 e6 9. Be3 Nbd7 10. 0-0 Qc7 11. Qe2 Nb6 12. a4 Be7 13. a5 Nbd5 14. Nxd5 exd5 15. c4 0-0 16. Rfc1 Qd7 17. c5 a6 18. Bf4 Rfe8 19. Qd3 Bd8 20. Qb3 Bc7 21. Bg5 Ne4 22. Be3 Re7 23. Kf1 Rae8 24. Qxb7 Ng3+ 25. fxg3 Rxe3 26. Ra3 Re1+ 27. Rxe1 Rxe1+ 0-1

[Event "Oberliga Ost-B 0506"]
[Site "Germany"]
[Date "2005.11.26"]
[Round "2"]
[White "Roosen, Holger"]
[Black "Aepfler, Christian"]
[Result "1/2-1/2"]
[WhiteElo "2191"]
[BlackElo "2268"]
[PlyCount "71"]
[EventDate "2005.11.13"]
[EventType "team-tourn"]
[EventRounds "11"]
[EventCountry "GER"]
[SourceTitle "CBM 109 Extra"]
[Source "ChessBase"]
[SourceDate "2006.01.03"]
[SourceVersion "2"]
[SourceVersionDate "2006.01.03"]
[SourceQuality "1"]

1. c4 e6 2. g3 d5 3. Bg2 Nf6 4. Nf3 Be7 5. 0-0 0-0 6. Qc2 c5 7. d3 Nc6 8. a3 e5 9. cxd5 Nxd5 10. Nc3 Be6 11. Bd2 Rc8 12. Rac1 h6 13. Nxd5 Bxd5 14. Bc3 Qd6 15. Nd2 Bxg2 16. Kxg2 Qd5+ 17. Kg1 Bg5 18. h4 Bxd2 19. Qxd2 Rfd8 20. Qe3 Nd4 21. Bxd4 Qxd4 22. Qxd4 cxd4 23. f4 exf4 24. Rxc8 Rxc8 25. Rxf4 Rc2 26. Kf2 Rxb2 27. Rxd4 h5 28. Rb4 Rxb4 29. axb4 Kf8 30. Ke3 Ke7 31. Ke4 Ke6 32. e3 a6 33. Kd4 b6 34. Kc4 Kd6 35. d4 f5 36. Kb3 1/2-1/2